000 00446nmm a2200157Ia 4500
008 251105s9999||||xx |||||||||||||||||und||
020 _a9788425219665
041 _aspa
100 _aKoolhaas, Rem
245 0 _aDelirio de Nueva York
264 _a[Madrid, España] :
_bEditorial Gustavo Gili,
_c2004
300 _a231 páginas
650 _aArchitecture & Sculpture
856 _uhttps://public.digitaliapublishing.com/a/41260
942 _cCF
999 _c80229
_d80229